Danh tập các tổ chức phi chính phủ nước ngoài hoạt động tại Việt Nam Các tổ chức phi chính phủ nước ngoài hoạt động tại Việt Nam

Đã lưu trong:
Bibliografiske detaljer
Format: Bog
Sprog:Undetermined
Udgivet: Hà Nội Chính Trị Quốc Gia 2001
Fag:
Tags: Tilføj Tag
Ingen Tags, Vær først til at tagge denne postø!
Thư viện lưu trữ: Trung tâm Học liệu Trường Đại học Cần Thơ
LEADER 00641nam a2200157Ia 4500
001 CTU_48222
008 210402s9999 xx 000 0 und d
082 |a 016.0681 
082 |b I.61v 
245 0 |a Danh tập các tổ chức phi chính phủ nước ngoài hoạt động tại Việt Nam 
245 0 |b Các tổ chức phi chính phủ nước ngoài hoạt động tại Việt Nam 
260 |a Hà Nội 
260 |b Chính Trị Quốc Gia 
260 |c 2001 
650 |a international ecônmic relations,non-organizations - directories 
980 |a Trung tâm Học liệu Trường Đại học Cần Thơ